Statistics for Prime Ministers of Spain by Picture

Click here to take the quiz!

General Stats

  • This quiz has been taken 16 times
  • The average score is 44 of 137

Answer Stats

Answer% Correct
José Sánchez-Guerra y Martínez
92%
Pedro Sánchez
92%
Francisco Franco
85%
José Luis Rodríguez Zapatero
85%
José María Aznar
85%
Mariano Rajoy
85%
Felipe González
77%
Antonio González
69%
Adolfo Suárez
62%
Leopoldo Calvo-Sotelo
62%
Carlos Arias Navarro
54%
Joaquín María López y López
54%
Juan Negrín
54%
Manuel Azaña
54%
Alejandro Lerroux
46%
Antonio Cánovas del Castillo
46%
Francisco Largo Caballero
46%
José Canalejas y Méndez
46%
Juan Prim
46%
Luis Carrero Blanco
46%
Miguel Primo de Rivera
46%
Niceto Alcalá-Zamora
46%
Práxedes Mateo Sagasta
46%
Álvaro de Figueroa
38%
Álvaro de Luna
38%
Antonio Maura
38%
Arsenio Martínez Campos
38%
Baldomero Espartero
38%
Dámaso Berenguer
38%
Eduardo Dato
38%
Emilio Castelar
38%
Estanislao Figueras
38%
Francisco Martínez de la Rosa
38%
Francisco Serrano
38%
Francisco Silvela
38%
José Giral
38%
Juan Esteban Lozano de Torres
38%
Leopoldo O'Donnell
38%
Lorenzo Arrazola y García
38%
Nicolás Salmerón y Alonso
38%
Ramón María Narváez
38%
Ricardo Samper
38%
Santiago Casares Quiroga
38%
Segismundo Moret
38%
Alejandro Mon y Menéndez
31%
Diego Martínez Barrio
31%
Eugenio Montero Ríos
31%
Francesc Pi i Margall
31%
Francisco Cea Bermúdez
31%
Joaquín María Ferrer y Cafranga
31%
Joaquín Sánchez de Toca
31%
John Joseph
31%
José García de León y Pizarro
31%
Juan Álvarez Mendizábal
31%
Juan Bautista Topete
31%
Juan de Zavala
31%
Luis González Bravo
31%
Luis María de Salazar y Salazar
31%
Manuel Allendesalazar y Muñoz de Salazar
31%
Manuel García Prieto
31%
Manuel Godoy
31%
Manuel Ruiz Zorrilla
31%
Pedro Cevallos
31%
Vicente Sancho y Cobertores
31%
Álvaro Gómez Becerra
23%
Antonio Aguilar y Correa
23%
Augusto Barcía Trelles
23%
Baltasar de Zúñiga
23%
Beltrán de la Cueva
23%
Carlos Martínez de Irujo
23%
Cristóbal Gómez de Sandoval
23%
Eusebio Bardají y Azara
23%
Evaristo Pérez de Castro
23%
Federico de Roncali
23%
Fernando de Silva
23%
Fernando de Valenzuela
23%
Fernando Fernández de Córdova
23%
Florencio García Goyena
23%
Francisco Armero
23%
Francisco de Lersundi y Hormaechea
23%
Francisco de Sandoval y Rojas
23%
Francisco Javier de Istúriz
23%
Francisco Saavedra de Sangronis
23%
Gaspar de Guzmán
23%
Gonzalo O'Farrill
23%
Joaquín Chapaprieta
23%
Joaquín Francisco Pacheco
23%
Joaquín José de Melgarejo
23%
José de Carvajal y Lancáster
23%
José de Grimaldo
23%
José Gutiérrez de la Concha
23%
José López Domínguez
23%
José Malcampo
23%
José María Calatrava y Peinado
23%
José María Pando de la Riva y Ramírez de Laredo
23%
José María Queipo de Llano
23%
José Miguel de Carvajal-Vargas
23%
José Moñino
23%
José Posada Herrera
23%
José Ramón Rodil
23%
Juan Antonio Yandiola Garay
23%
Juan Bautista Aznar-Cabañas
23%
Juan Bravo Murillo
23%
Juan Everardo Nithard
23%
Juan Francisco de la Cerda
23%
Juan O'Donojú
23%
Luis José Sartorius
23%
Luis Manuel Fernández de Portocarrero
23%
Luis Méndez de Haro
23%
Manuel de Pando
23%
Manuel González Salmón
23%
Manuel Joaquín Álvarez de Toledo
23%
Manuel Portela Valladares
23%
Marcelo Azcárraga
23%
Mariano Luis de Urquijo
23%
Miguel Lucas de Iranzo
23%
Miguel Ricardo de Álava
23%
Modesto Cortázar y Leal de Ibarra
23%
Narciso Heredia
23%
Pedro de Alcántara Álvarez de Toledo
23%
Pedro Pablo Abarca de Bolea
23%
Raimundo Fernández-Villaverde
23%
Ricardo Wall
23%
Saturnino Calderón Collantes
23%
Sebastián de la Cuadra
23%
Serafín María de Sotto
23%
Ángel de Saavedra
15%
Antonio de Saavedra y Jofré
15%
Bernardino Fernández de Velasco
15%
Evaristo Fernández San Miguel y Valledor
15%
Jerónimo Grimaldi
15%
Joaquín Jovellar y Soler
15%
José Gabriel de Silva-Bazán
15%
José Patiño
15%
Juan Guillermo
8%
Salustiano de Olózaga y Almandoz
8%
Valentín Ferraz y Barrau
8%

Score Distribution

Percentile by Number Answered

Percent of People with Each Score

Your Score History

You have not taken this quiz